LEADER 01008nam--2200385---450- 001 990003550180203316 005 20110712181936.0 010 $a0-19-814024-X 035 $a000355018 035 $aUSA01000355018 035 $a(ALEPH)000355018USA01 035 $a000355018 100 $a20110712d2002----km-y0itay50------ba 101 $aeng$agrc 102 $aGB 105 $a||||||||001yy 200 1 $aPoetics$fAristotle$gintroduction, commentary and appendixes by D.W. Lucas 210 $aOxford$cClarendon Press$d2002 215 $aXXVIII,313 p.$d20 cm 225 2 $aClarendon Paperbacks 410 0$12001 454 1$12001 461 1$1001-------$12001 606 0 $aLetteratura greca 676 $a880 700 1$aARISTOTELES$04207 702 1$aLUCAS,$bD.W. 801 0$aIT$bsalbc$gISBD 912 $a990003550180203316 951 $aFG 27,42$b10080 DSA 959 $aBK 969 $aDSA 979 $aDSA$b90$c20110712$lUSA01$h1819 996 $aPoetica$915100 997 $aUNISA